| 000 | 00000nam##2200000za#4500 |
| 001 | 9.577599 |
| 003 | CaOODSP |
| 005 | 20210624185704 |
| 007 | cr ||||||||||| |
| 008 | 150406|2009||||xxc|||||o f|0| 0 eng|d |
| 040 | |aCaOODSP|beng |
| 043 | |an-cn--- |
| 086 | 1 |aTU3-8/09-0006E-PDF |
| 110 | 2 |aTransportation Safety Board of Canada. |
| 245 | 10|aSour gas pipeline sending barrel rupture - Westcoast Energy Inc., carrying on business as Spectra Energy Transmission, 18-inch Alaska Highway Pipeline, Kilometre Post 0.0, near Wonowon, British Columbia, 20 February 2009 |h[electronic resource] |
| 260 | |bTransportation Safety Board of Canada |c[2010]. |
| 300 | |a10p.|bphotographs |
| 490 | 1 |aPipeline investigation report |vP09H0006 |
| 590 | |a13-22-Supp|b2013-09-26 |
| 775 | 08|tRupture d'un sas de lancement d'un pipeline de gaz corrosif - Westcoast Energy Inc., exploitée sous la raison sociale Spectra Energy Transmission Gazoduc de la route de l'Alaska (18 pouces) Borne kilométrique 0,0 près de Wonowon (Colombie-Britannique) 20 février 2009 |w(CaOODSP)9.606161 |
| 830 | #0|aPipeline investigation report ;|vP09H0006|w(CaOODSP)9.505671 |
| 856 | 40|ahttp://publications.gc.ca|qPDF|s295 KB|uhttps://publications.gc.ca/collections/collection_2013/bst-tsb/TU3-8-09-0006-eng.pdf|yP09H0006 |